000 04267nam0a2200385 4500
001 RU\NLR\BIBL_A\016252633
005 20230419150245.0
010 _a978-5-7972-3005-2
_9100
021 _aRU
_bКН-П-22-088321
_9КН-П-22-7837
035 _a(NLR Aleph) 016252633
035 _a(RuMoRGB)011465844
090 _a12832493
_c12832493
100 _a20230109d2022 u y0rusy50 ca
101 0 _arus
102 _aRU
105 _aa j 000zy
181 0 _ai3
_baxxe
182 0 _an
200 1 _aОрганизационные основы изучения правил дорожного движения в школе
_eучебно-методическое пособие
_fР. В. Зарубина, И. В. Лапшина, О. А. Липовая и др.
_gответственный редактор Елена Алексеевна Першонкова
_gМинистерство науки и высшего образования Российской Федерации, ФГБОУ ВО "Ростовский государственный экономический университет (РИНХ)", Таганрогский институт имени А. П. Чехова (филиал) "РГЭУ (РИНХ)", УГИБДД ГУ МВД России по Ростовской области
203 _aТекст
_bвизуальный
_cнепосредственный
210 _aРостов-на-Дону
_aТаганрог
_cРГЭУ
_d2022
215 _a92 с.
_cил., цв. ил.
_d21
320 _aБиблиогр.: с. 57-60 (35 назв.)
330 _aВ учебно-методическом пособии рассматриваются теоретические основы обеспечения безопасности детей и подростков на дороге: основные нормативно-правовые акты; психологические и физиологические особенностей детей, влияющие на их поведение на дороге; приводится анализ ДТП с участием детей; отдельно уделяется внимание необходимости формировать потребность не только в изучении, но и в соблюдении правил дорожного движения детьми и подростками, для чего следует подавать подрастающему поколению личный пример. Методические рекомендации по обучению ПДД детей и подростков включают разбор основных ошибок в преподавании ПДД в школе, анализ особенностей обучения правилам дорожного движения младших школьников и подростков, а также основы работы с родителями по профилактике детского дорожно-транспортного травматизма, включающей построение и отработку вместе с детьми безопасного маршрута в школу. В приложении представлены ситуационные задачи и занимательные задания по ПДД, разработки уроков и внеклассных мероприятий, памятка и анкета для родителей
606 1 _aПравила дорожного движения
_xИзучение в школе
_jУчебные издания
_2nlr_sh2
_3RU\NLR\AUTH\661266953
675 _a373.3/.5.016:351.811.122
_v4
686 1 _aЧ421.352.235я7
701 1 _aЗарубина
_bР. В.
_gРимма Викторовна
701 1 _aЛапшина
_bИ. В.
_gИрина Владимировна
701 1 _aЛиповая
_bО. А.
_gОксана Алексеевна
702 1 _aПершонкова
_bЕ. А.
_gЕлена Алексеевна
_4340
942 _cBOOK
980 _aNB